[Event "4NCL Division 3 Central"]
[Site "Leamington Spa, ENG"]
[Date "2022.03.27"]
[Round "6.11"]
[White "Midhun, P U."]
[Black "Okhai, Shabir"]
[Result "1/2-1/2"]
[WhiteElo "2175"]
[BlackElo "2113"]
[PlyCount "140"]
[EventDate "2022.03.27"]
[WhiteTeam "West is Best 2"]
[BlackTeam "The Rookies"]

1. Nf3 Nf6 2. c4 g6 3. b4 a5 4. b5 Bg7 5. Bb2 O-O 6. g3 d5 7. cxd5 Nxd5 8. Bxg7
Kxg7 9. Bg2 c6 10. Na3 Qd6 11. Qc1 Nb4 12. O-O Be6 13. Qb2+ f6 14. Ng5 Bd5 15.
Ne4 Bxe4 16. Bxe4 Nd7 17. bxc6 Nxc6 18. Qxb7 Nc5 19. Qxc6 Nxe4 20. Qxd6 Nxd6
21. Rfc1 Rab8 22. Rc2 Rb4 23. Rac1 Rfb8 24. d3 Kf7 25. Kf1 h5 26. h4 g5 27.
hxg5 fxg5 28. Rc5 Ra4 29. Nc4 Nxc4 30. R1xc4 Rxa2 31. Rxg5 Rb1+ 32. Kg2 Rxe2
33. Rxa5 Kg6 34. Rcc5 Rb3 35. Rg5+ Kf6 36. Raf5+ Ke6 37. d4 h4 38. d5+ Kd6 39.
gxh4 Re4 40. Rg6+ e6 41. Rxe6+ Rxe6 42. dxe6 Kxe6 43. Rf3 Rb8 44. Kh3 Rh8 45.
Kg4 Rg8+ 46. Kh5 Rh8+ 47. Kg6 Rxh4 48. Re3+ Kd6 49. Kg5 Rh8 50. f4 Rg8+ 51. Kh6
Rf8 52. Re4 Kd5 53. Re5+ Kd6 54. Kg5 Rg8+ 55. Kf5 Rf8+ 56. Ke4 Ra8 57. Kf3 Rg8
58. Re4 Rf8 59. Kg4 Kd5 60. Re5+ Kd6 61. Ra5 Ke6 62. Ra6+ Kf7 63. Kf5 Rb8 64.
Ra7+ Kf8 65. Kf6 Rb6+ 66. Kg5 Rb5+ 67. f5 Rb6 68. Rh7 Ra6 69. Rh8+ Kf7 70. Rb8
Rc6 1/2-1/2

[Event "4NCL Division 3 Central"]
[Site "Leamington Spa, ENG"]
[Date "2022.03.27"]
[Round "6.12"]
[White "Burrows, Martin P"]
[Black "Southcott-Moyers, Indy"]
[Result "1/2-1/2"]
[WhiteElo "2110"]
[BlackElo "2048"]
[PlyCount "146"]
[EventDate "2022.03.27"]
[WhiteTeam "The Rookies"]
[BlackTeam "West is Best 2"]

1. e4 e5 2. Nf3 Nc6 3. Bb5 a6 4. Ba4 Nf6 5. O-O Be7 6. Re1 b5 7. Bb3 d6 8. c3
O-O 9. d4 exd4 10. cxd4 Bg4 11. Be3 Na5 12. Bc2 c5 13. Nbd2 Nc6 14. d5 Ne5 15.
h3 Nxf3+ 16. Nxf3 Bxf3 17. Qxf3 Nd7 18. Bf4 Ne5 19. Bxe5 dxe5 20. Qh5 Bd6 21.
f4 Qf6 22. f5 c4 23. Kh1 Rac8 24. Rf1 c3 25. b3 Be7 26. Rad1 Rfd8 27. Rd3 Qg5
28. Qf3 b4 29. Rfd1 Qf6 30. a4 a5 31. Qe2 Qa6 32. g4 Rd6 33. Qh2 f6 34. h4 Kf8
35. Rg1 Ke8 36. Qe2 h6 37. Qf3 Kd8 38. Rdd1 Qb6 39. Rg2 Kc7 40. Bd3 Kb8 41. Rc2
Ka7 42. Kg2 Rdd8 43. Kf1 Bc5 44. Ke2 Bd4 45. Rh1 Rh8 46. Rh3 Qd6 47. Kd1 Rh7
48. Bb5 Qc5 49. Qd3 Kb6 50. Bc4 Ka7 51. Rg2 Rch8 52. Kc2 Qd6 53. Rhg3 Qc7 54.
Bb5 Qc5 55. Qe2 Rc8 56. Bd7 Rc7 57. Be6 Re7 58. Rh3 Rh8 59. Rgh2 Bg1 60. Rg2
Bd4 61. Qe1 Kb6 62. Qg3 Ka7 63. Rgh2 Bg1 64. Rh1 Bf2 65. Qf3 Bd4 66. Qd3 Rb7
67. Qe2 Qb6 68. g5 hxg5 69. hxg5 Rxh3 70. Rxh3 fxg5 71. Rh8 Rb8 72. Rh7 Rb7 73.
Rh8 Rb8 1/2-1/2

[Event "4NCL Division 3 Central"]
[Site "Leamington Spa, ENG"]
[Date "2022.03.27"]
[Round "6.13"]
[White "Bullen, Alex"]
[Black "Agnew, Alan"]
[Result "1/2-1/2"]
[WhiteElo "2056"]
[BlackElo "2054"]
[PlyCount "70"]
[EventDate "2022.03.27"]
[WhiteTeam "West is Best 2"]
[BlackTeam "The Rookies"]

1. d4 d5 2. Nf3 Nf6 3. c4 e6 4. g3 Be7 5. Bg2 O-O 6. O-O c6 7. Qc2 b6 8. Nbd2
Bb7 9. e4 Na6 10. e5 Nd7 11. cxd5 Nb4 12. Qb3 Nxd5 13. Ne4 h6 14. Be3 a5 15. a4
Rc8 16. Rfc1 c5 17. dxc5 Nxe3 18. Qxe3 Bxe4 19. Qxe4 Nxc5 20. Qe3 Bg5 21. Nxg5
Qxg5 22. f4 Qe7 23. Rd1 Rfd8 24. b3 Rxd1+ 25. Rxd1 Rd8 26. Bf3 Rxd1+ 27. Bxd1
Qd8 28. Be2 Qd5 29. Bc4 Qd1+ 30. Kg2 Kf8 31. Kh3 Ke7 32. Qc3 Ne4 33. Qe3 Nc5
34. Qc3 Ne4 35. Qe3 Nc5 1/2-1/2

[Event "4NCL Division 3 Central"]
[Site "Leamington Spa, ENG"]
[Date "2022.03.27"]
[Round "6.14"]
[White "Compton, Alistair"]
[Black "Freeland, Alex"]
[Result "0-1"]
[WhiteElo "2048"]
[BlackElo "1973"]
[PlyCount "90"]
[EventDate "2022.03.27"]
[WhiteTeam "The Rookies"]
[BlackTeam "West is Best 2"]

1. e4 e6 2. d4 d5 3. Nc3 Nf6 4. e5 Nfd7 5. Nf3 c5 6. Bg5 Qb6 7. dxc5 Bxc5 8.
Qd2 Nc6 9. O-O-O O-O 10. Na4 Qc7 11. Nxc5 Nxc5 12. Bf4 Bd7 13. Kb1 Rfc8 14. Bd3
a5 15. c3 b5 16. Ng5 b4 17. Bxh7+ Kf8 18. Qe3 Na4 19. Nxf7 Kxf7 20. Qf3 Ne7 21.
Bg3+ Ke8 22. Qh5+ Kd8 23. cxb4 axb4 24. Bh4 Be8 25. Bg6 Bxg6+ 26. Qxg6 Qxe5 27.
Rd2 Rc4 28. Qf7 Qe4+ 29. Ka1 Qxh4 30. Qf8+ Kd7 31. Qxa8 Nc5 32. Qa7+ Ke8 33.
Qb8+ Kf7 34. Re1 Qg5 35. f4 Qxf4 36. Qxf4+ Rxf4 37. b3 Ne4 38. Rc2 Nc3 39. a3
d4 40. axb4 Ncd5 41. Kb2 Nxb4 42. Rd2 Nec6 43. g3 Rf5 44. g4 Rb5 45. Rxd4 Nxd4
0-1

[Event "4NCL Division 3 Central"]
[Site "Leamington Spa, ENG"]
[Date "2022.03.27"]
[Round "6.15"]
[White "Rathbone-Jones, Ifan"]
[Black "Gibson, Christopher A"]
[Result "1-0"]
[WhiteElo "1888"]
[BlackElo "1850"]
[PlyCount "85"]
[EventDate "2022.03.27"]
[WhiteTeam "West is Best 2"]
[BlackTeam "The Rookies"]

1. d4 Nf6 2. Nf3 c5 3. c3 d5 4. Bf4 Qb6 5. Qc2 Nc6 6. e3 g6 7. Nbd2 Bg7 8. Be2
Nh5 9. Bg5 Bf5 10. dxc5 Qxc5 11. Qb3 O-O 12. Nd4 Nxd4 13. exd4 Qd6 14. g4 e5
15. dxe5 Qxe5 16. gxf5 Nf4 17. Bxf4 Qxf4 18. O-O-O d4 19. c4 b5 20. Qf3 Qc7 21.
f6 Bh8 22. Kb1 bxc4 23. Bxc4 Rab8 24. b3 Rb6 25. h4 Rxf6 26. Qg3 Qa5 27. h5 d3
28. hxg6 Rxg6 29. Qh3 h6 30. Qxd3 Qe5 31. Qxg6+ Bg7 32. Qxg7+ Kxg7 33. Rdg1+
Kh7 34. Bd3+ f5 35. Nf3 Qd6 36. Ng5+ Kh8 37. Bc4 Qb6 38. Nf7+ Rxf7 39. Bxf7 Qc6
40. f3 Qd6 41. Bc4 Kh7 42. Rg2 Qc6 43. Rhg1 1-0

[Event "4NCL Division 3 Central"]
[Site "Leamington Spa, ENG"]
[Date "2022.03.27"]
[Round "6.16"]
[White "Jaszkiwskyj, Peter"]
[Black "Taylor, William J"]
[Result "1/2-1/2"]
[WhiteElo "1877"]
[BlackElo "1952"]
[PlyCount "56"]
[EventDate "2022.03.27"]
[WhiteTeam "The Rookies"]
[BlackTeam "West is Best 2"]

1. d4 Nf6 2. c4 g6 3. Nf3 Bg7 4. g3 O-O 5. Bg2 d6 6. O-O Nc6 7. Nc3 a6 8. Bf4
Rb8 9. d5 Na5 10. Nd2 b5 11. Rb1 e5 12. Bg5 h6 13. Bxf6 Qxf6 14. cxb5 axb5 15.
b4 Nc4 16. Nxc4 bxc4 17. e4 Bd7 18. b5 Qg5 19. Qe2 f5 20. Qxc4 Rb7 21. a4 Qd2
22. Rfd1 Qc2 23. Ra1 Ra7 24. Ra2 Bxb5 25. Qb4 Rxa4 26. Rxc2 Rxb4 27. Nxb5 Rxb5
28. Rxc7 Rfb8 1/2-1/2

[Event "4NCL Division 3 Central"]
[Site "Leamington Spa, ENG"]
[Date "2022.03.27"]
[Round "6.21"]
[White "Cooper, David M"]
[Black "Sygnowski, Tomasz"]
[Result "1-0"]
[WhiteElo "2001"]
[BlackElo "2144"]
[PlyCount "69"]
[EventDate "2022.03.27"]
[WhiteTeam "Warwickshire Select 2"]
[BlackTeam "Wood Green Monarchs"]

1. Nf3 d5 2. c4 c6 3. cxd5 cxd5 4. d4 Bf5 5. Nc3 e6 6. Bf4 Bd6 7. Bg3 Ne7 8. e3
Nbc6 9. Bd3 O-O 10. Rc1 Rc8 11. O-O Bxg3 12. hxg3 Na5 13. b3 Nac6 14. Bxf5 Nxf5
15. Qe2 Nd6 16. Rfd1 Qa5 17. Na4 Ne4 18. Qe1 Qa6 19. Qf1 Qa5 20. Qe1 Qd8 21.
Nc5 Nd6 22. Ne5 Qe7 23. Ncd7 Nxe5 24. Nxe5 Ne4 25. Rxc8 Rxc8 26. Rc1 Rc7 27.
Nd3 g6 28. f3 Nd6 29. Rxc7 Qxc7 30. Qc1 Qa5 31. Qc2 Nf5 32. Kf2 Qd8 33. Ne5 Qg5
34. Qc8+ Kg7 35. Qh8+ 1-0

[Event "4NCL Division 3 Central"]
[Site "Leamington Spa, ENG"]
[Date "2022.03.27"]
[Round "6.22"]
[White "Larkin, Benjamin"]
[Black "Dicen, Elis Denele"]
[Result "1-0"]
[WhiteElo "1999"]
[BlackElo "1917"]
[PlyCount "117"]
[EventDate "2022.03.27"]
[WhiteTeam "Wood Green Monarchs"]
[BlackTeam "Warwickshire Select 2"]

1. e4 e6 2. d4 d5 3. Nc3 dxe4 4. Nxe4 Nd7 5. Nf3 Ngf6 6. Nxf6+ Nxf6 7. Bd3 c5
8. Be3 Qc7 9. Qe2 Bd7 10. Ne5 Be7 11. O-O-O O-O 12. Nxd7 Qxd7 13. dxc5 Qc7 14.
g4 Nd5 15. Kb1 Nf4 16. Bxf4 Qxf4 17. Qe4 Qxe4 18. Bxe4 Bxc5 19. f3 Rab8 20. Rd7
b5 21. Rhd1 Bb6 22. c3 g5 23. a3 Kg7 24. h3 h6 25. Bc6 Be3 26. Re1 Rb6 27. Rxe3
Rxc6 28. Rxa7 Kf6 29. a4 bxa4 30. Rxa4 Ke7 31. Rd3 Rc7 32. Rad4 f5 33. b4 f4
34. Kc2 Ra8 35. Kb3 Ra1 36. Rd1 Ra8 37. b5 Rb8 38. c4 Rcb7 39. Rd6 h5 40. Ra6
hxg4 41. hxg4 Kf6 42. Re1 Re7 43. Kb4 Kf7 44. c5 Rd7 45. Rd6 Ra7 46. Rdxe6 Rba8
47. c6 Ra4+ 48. Kc5 Ra2 49. c7 Rc2+ 50. Kb6 Rc8 51. Re7+ Kf8 52. Kb7 R8xc7+ 53.
Rxc7 Rxc7+ 54. Kxc7 Kg7 55. b6 Kh7 56. b7 Kg7 57. b8=Q Kh6 58. Re7 Kg6 59. Qb6#
1-0

[Event "4NCL Division 3 Central"]
[Site "Leamington Spa, ENG"]
[Date "2022.03.27"]
[Round "6.23"]
[White "Pal, Rohan"]
[Black "Parry, Samuel"]
[Result "1-0"]
[WhiteElo "1976"]
[BlackElo "2002"]
[PlyCount "65"]
[EventDate "2022.03.27"]
[WhiteTeam "Warwickshire Select 2"]
[BlackTeam "Wood Green Monarchs"]

1. e4 c5 2. Ne2 Nc6 3. d4 cxd4 4. Nxd4 g6 5. c4 Bg7 6. Be3 Nf6 7. Nc3 Ng4 8.
Qxg4 Nxd4 9. Qd1 Nc6 10. Be2 O-O 11. O-O d6 12. Qd2 Re8 13. Rac1 Be6 14. Nd5
Rc8 15. Rfd1 f5 16. exf5 Bxf5 17. b4 b6 18. c5 dxc5 19. bxc5 e6 20. Nf4 Qxd2
21. Rxd2 e5 22. Nd5 Nd4 23. Bc4 Be6 24. cxb6 Rxc4 25. Rxc4 Bxd5 26. Rc5 Ba8 27.
bxa7 Bf8 28. Rc7 Rd8 29. Bg5 Re8 30. Rb2 Ne6 31. Rd7 Nxg5 32. Rb8 Re6 33. Rxa8
1-0

[Event "4NCL Division 3 Central"]
[Site "Leamington Spa, ENG"]
[Date "2022.03.27"]
[Round "6.24"]
[White "Harrison, James"]
[Black "Sandhu, Manvith"]
[Result "1-0"]
[WhiteElo "1875"]
[BlackElo "1919"]
[PlyCount "85"]
[EventDate "2022.03.27"]
[WhiteTeam "Wood Green Monarchs"]
[BlackTeam "Warwickshire Select 2"]

1. c4 c6 2. e4 e6 3. e5 d6 4. exd6 Bxd6 5. d4 Nf6 6. Nf3 O-O 7. Nc3 Nbd7 8. Bd3
e5 9. O-O exd4 10. Nxd4 Qc7 11. Nf3 Ne5 12. Nxe5 Bxe5 13. h3 Be6 14. Re1 Rfe8
15. Qc2 h6 16. Be3 Nd7 17. Rad1 Bd6 18. Ne4 Bf4 19. b3 b6 20. Bxf4 Qxf4 21. Nd6
Red8 22. Bh7+ Kf8 23. Nb7 Re8 24. Nd6 Red8 25. Rxe6 fxe6 26. Nb7 Re8 27. Rxd7
Re7 28. Nd8 Qf6 29. Rxe7 Qxe7 30. Nxc6 Qc7 31. Qe4 Rc8 32. Nd4 Re8 33. Nxe6+
Rxe6 34. Qxe6 Qd8 35. Qg8+ Ke7 36. Qxd8+ Kxd8 37. Kh2 Ke7 38. Kg3 Kd6 39. Kf4
Kc5 40. Ke5 Kb4 41. Kd4 Ka3 42. Kc3 Kxa2 43. f4 1-0

[Event "4NCL Division 3 Central"]
[Site "Leamington Spa, ENG"]
[Date "2022.03.27"]
[Round "6.25"]
[White "Dicen, Imogen"]
[Black "Willow, Hambel M"]
[Result "1-0"]
[WhiteElo "1881"]
[BlackElo "1638"]
[PlyCount "53"]
[EventDate "2022.03.27"]
[WhiteTeam "Warwickshire Select 2"]
[BlackTeam "Wood Green Monarchs"]

1. e4 c6 2. d4 d5 3. e5 Bf5 4. Bd3 Bxd3 5. Qxd3 e6 6. Ne2 Nd7 7. O-O Ne7 8. Ng3
Ng6 9. f4 Be7 10. f5 exf5 11. Nxf5 O-O 12. Nc3 Rc8 13. Ne2 Nb6 14. Nf4 Nxf4 15.
Bxf4 Re8 16. Qg3 g6 17. Rae1 Bf8 18. Bh6 Kh8 19. Bg5 Qc7 20. Bf6+ Kg8 21. Qg5
h5 22. Re3 Nd7 23. Nh6+ Kh7 24. Nxf7 Nxf6 25. Rxf6 Bg7 26. Qxg6+ Kg8 27. Rg3
1-0

[Event "4NCL Division 3 Central"]
[Site "Leamington Spa, ENG"]
[Date "2022.03.27"]
[Round "6.26"]
[White "Dias, Ruwan"]
[Black "Chen, Daniel Xingyu"]
[Result "1/2-1/2"]
[WhiteElo "1653"]
[BlackElo "1823"]
[PlyCount "35"]
[EventDate "2022.03.27"]
[WhiteTeam "Wood Green Monarchs"]
[BlackTeam "Warwickshire Select 2"]

1. e4 c5 2. Nc3 Nc6 3. f4 g6 4. Nf3 Bg7 5. Bb5 Nd4 6. O-O Nxb5 7. Nxb5 a6 8.
Nc3 b5 9. d3 e6 10. f5 b4 11. Ne2 e5 12. c4 Bb7 13. Be3 Qc7 14. Ng3 Nf6 15. h3
Qd6 16. Qd2 a5 17. Rad1 Nh5 18. Qf2 1/2-1/2

[Event "4NCL Division 3 Central"]
[Site "Leamington Spa, ENG"]
[Date "2022.03.27"]
[Round "6.31"]
[White "Staples, Neil"]
[Black "Truman, Richard G"]
[Result "0-1"]
[WhiteElo "1818"]
[BlackElo "1916"]
[PlyCount "48"]
[EventDate "2022.03.27"]
[WhiteTeam "Oxford 3"]
[BlackTeam "Ashfield 1"]

1. c4 Nf6 2. b3 g6 3. Bb2 Bg7 4. g3 O-O 5. Bg2 c5 6. Nc3 Nc6 7. e3 e5 8. Nge2
d6 9. O-O Bg4 10. d3 Qd7 11. Qd2 Bh3 12. Kh1 Bxg2+ 13. Kxg2 d5 14. Rad1 Rad8
15. Qc1 Bh6 16. cxd5 Nxd5 17. Ne4 b6 18. Qa1 f5 19. Kg1 Nxe3 20. fxe3 fxe4 21.
Rxf8+ Rxf8 22. Bxe5 Bxe3+ 23. Kh1 Qg4 24. Nf4 Rxf4 0-1

[Event "4NCL Division 3 Central"]
[Site "Leamington Spa, ENG"]
[Date "2022.03.27"]
[Round "6.32"]
[White "Naylor, Michael A"]
[Black "Cole, Graham"]
[Result "1-0"]
[WhiteElo "1948"]
[BlackElo "1797"]
[PlyCount "151"]
[EventDate "2022.03.27"]
[WhiteTeam "Ashfield 1"]
[BlackTeam "Oxford 3"]

1. e4 c5 2. Nf3 d6 3. d4 cxd4 4. Nxd4 Nf6 5. Nc3 g6 6. Be3 Bg7 7. f3 O-O 8. Qd2
Nc6 9. Bc4 Bd7 10. h4 h5 11. O-O-O Rc8 12. Bb3 Ne5 13. Bh6 Nc4 14. Bxc4 Rxc4
15. Bxg7 Kxg7 16. Rhe1 Qa5 17. Nb3 Qc7 18. Kb1 Rc8 19. Qe3 b5 20. a3 a5 21. Rd4
Rxd4 22. Qxd4 a4 23. Nc1 Qc5 24. Rd1 Bc6 25. N1a2 Rb8 26. Nb4 Qxd4 27. Rxd4 Be8
28. Nba2 Bc6 29. Nb4 Be8 30. Ne2 Rc8 31. Na2 Nd7 32. Nac3 Nc5 33. Rd1 Rb8 34.
Nd5 Kf8 35. Nec3 Bc6 36. Nb4 Bd7 37. Kc1 Be6 38. Ncd5 Bd7 39. Kd2 Be6 40. Ke3
Bxd5 41. Rxd5 f6 42. g4 hxg4 43. fxg4 Kg7 44. h5 Rb6 45. Rd1 e6 46. c3 gxh5 47.
gxh5 Kh6 48. Rh1 Nd7 49. Nc2 d5 50. exd5 exd5 51. Nd4 Ne5 52. Nf5+ Kh7 53. Kd4
Nc4 54. Rh2 Re6 55. Kc5 Re5 56. Nd4 Kh6 57. Kxb5 Re8 58. Kxa4 Rb8 59. Nb5 f5
60. Kb4 f4 61. Kc5 Ne3 62. a4 Rc8+ 63. Kd6 Rd8+ 64. Kc7 Rf8 65. Nd4 Ng4 66. Rh3
Ne5 67. Kd6 f3 68. Kxe5 f2 69. Rh1 f1=Q 70. Rxf1 Rxf1 71. Kxd5 Kxh5 72. b4 Kg6
73. a5 Kf7 74. Kc6 Rc1 75. Nb5 Ke8 76. a6 1-0

[Event "4NCL Division 3 Central"]
[Site "Leamington Spa, ENG"]
[Date "2022.03.27"]
[Round "6.33"]
[White "Waterfield, Mark"]
[Black "Combie, Alex B"]
[Result "1-0"]
[WhiteElo "1831"]
[BlackElo "1879"]
[PlyCount "75"]
[EventDate "2022.03.27"]
[WhiteTeam "Oxford 3"]
[BlackTeam "Ashfield 1"]

1. e4 c5 2. Nf3 d6 3. c3 Nf6 4. Bd3 g6 5. Bc2 e5 6. h3 Nc6 7. O-O Bg7 8. d4
cxd4 9. cxd4 exd4 10. Nxd4 O-O 11. Nc3 Nxe4 12. Bxe4 Nxd4 13. Be3 Nc6 14. Qa4
Bd7 15. Rad1 Qe7 16. Bb1 a6 17. Qa3 Be5 18. Bb6 Qh4 19. Nd5 Be6 20. f4 Bxd5 21.
fxe5 Bc4 22. Qa4 Nxe5 23. b3 Nd7 24. Bf2 b5 25. Bxh4 bxa4 26. bxc4 Ne5 27. Rd4
Rfc8 28. Rc1 Rab8 29. Bd3 Nxd3 30. Rxd3 Rb2 31. Rxd6 Rxa2 32. Rd8+ Rxd8 33.
Bxd8 Rb2 34. Bf6 Rb8 35. c5 a3 36. c6 a2 37. c7 Rc8 38. Bd8 1-0

[Event "4NCL Division 3 Central"]
[Site "Leamington Spa, ENG"]
[Date "2022.03.27"]
[Round "6.34"]
[White "Garnett, John S"]
[Black "Davis, Cameron"]
[Result "1/2-1/2"]
[WhiteElo "1863"]
[BlackElo "1754"]
[PlyCount "70"]
[EventDate "2022.03.27"]
[WhiteTeam "Ashfield 1"]
[BlackTeam "Oxford 3"]

1. c4 Nf6 2. g3 c5 3. Bg2 g6 4. Nf3 Bg7 5. d4 cxd4 6. Nxd4 O-O 7. Nc3 Nc6 8. e4
Nxd4 9. Qxd4 d6 10. Qd3 Be6 11. O-O Qa5 12. Nd5 Nxd5 13. exd5 Bf5 14. Qe2 Qc7
15. Bg5 Rfe8 16. Rac1 a6 17. b4 a5 18. c5 axb4 19. cxd6 Qxd6 20. Qb5 Bc3 21. a4
Qa6 22. d6 Qxb5 23. axb5 exd6 24. Bxb7 Rab8 25. Bc6 Re2 26. Be3 Bd3 27. Ba7
Rxb5 28. Bxb5 Bxb5 29. Rfd1 Ba4 30. Rxd6 Be5 31. Rd8+ Kg7 32. Bd4 b3 33. Bxe5+
Rxe5 34. Rb8 Rb5 35. Rxb5 Bxb5 1/2-1/2

[Event "4NCL Division 3 Central"]
[Site "Leamington Spa, ENG"]
[Date "2022.03.27"]
[Round "6.35"]
[White "Evans, Christopher J"]
[Black "Flynn, David"]
[Result "0-1"]
[WhiteElo "1745"]
[BlackElo "1854"]
[PlyCount "94"]
[EventDate "2022.03.27"]
[WhiteTeam "Oxford 3"]
[BlackTeam "Ashfield 1"]

1. e4 c5 2. Nf3 Nc6 3. d4 cxd4 4. Nxd4 g6 5. c4 Bg7 6. Be3 Nf6 7. Nc3 d6 8. Be2
O-O 9. O-O Bd7 10. Kh1 Nxd4 11. Bxd4 Bc6 12. Bd3 a5 13. f4 Nd7 14. Bxg7 Kxg7
15. Qd2 a4 16. Rf3 Qa5 17. f5 Qe5 18. Rh3 h5 19. Nd5 a3 20. Rb1 axb2 21. Rxb2
Nf6 22. Qe2 Ng4 23. Rb1 Ra3 24. Nb4 Bxe4 25. Bxe4 Rxh3 26. gxh3 Qxe4+ 27. Qxe4
Nf2+ 28. Kg2 Nxe4 29. Nd3 Ra8 30. Nc1 Nc5 31. Rb2 gxf5 32. Re2 Kf6 33. Rd2 Ra3
34. Ne2 Ne4 35. Rb2 e5 36. Nc1 Nc5 37. Rb6 Ke6 38. Kg1 Rc3 39. Nb3 Rxc4 40.
Nxc5+ Rxc5 41. Rxb7 Rc1+ 42. Kg2 Rc2+ 43. Kg3 Rxa2 44. Rb8 f4+ 45. Kh4 Rxh2 46.
Rh8 f3 47. Kg5 f2 0-1

[Event "4NCL Division 3 Central"]
[Site "Leamington Spa, ENG"]
[Date "2022.03.27"]
[Round "6.36"]
[White "Levens, David G"]
[Black "Curran, David P"]
[Result "0-1"]
[WhiteElo "1878"]
[BlackElo "1717"]
[PlyCount "48"]
[EventDate "2022.03.27"]
[WhiteTeam "Ashfield 1"]
[BlackTeam "Oxford 3"]

1. e4 c6 2. d4 d5 3. f3 dxe4 4. fxe4 e5 5. c3 Qh4+ 6. Kd2 exd4 7. Qf3 Nf6 8.
Bd3 dxc3+ 9. Nxc3 Bc5 10. g3 Qg4 11. h3 Qe6 12. Nge2 Nbd7 13. Nf4 Ne5 14. Nxe6
Nxf3+ 15. Ke2 Nd4+ 16. Nxd4 Bxd4 17. Bd2 Be6 18. b3 Nh5 19. Kf3 Be5 20. g4
O-O-O 21. gxh5 Rxd3+ 22. Ke2 Rhd8 23. Nd5 Rxd2+ 24. Kxd2 Bxa1 0-1

[Event "4NCL Division 3 Central"]
[Site "Leamington Spa, ENG"]
[Date "2022.03.27"]
[Round "6.41"]
[White "Adams, Mark"]
[Black "Brown, Thomas"]
[Result "0-1"]
[WhiteElo "2002"]
[BlackElo "2175"]
[PlyCount "74"]
[EventDate "2022.03.27"]
[WhiteTeam "The Full Ponty"]
[BlackTeam "Rhyfelwyr Essyllwg"]

1. e4 c5 2. Nf3 g6 3. d4 cxd4 4. Nxd4 Nf6 5. Nc3 d6 6. f3 Bg7 7. Be3 a6 8. Qd2
h5 9. Be2 Nbd7 10. O-O O-O 11. Nd5 e5 12. Nb3 Nxd5 13. Qxd5 Nf6 14. Qd2 Qc7 15.
c4 b6 16. Rfd1 Rd8 17. Rac1 Be6 18. Qb4 Rab8 19. Nd2 a5 20. Qc3 Nd7 21. a3 a4
22. Qc2 Nc5 23. Kh1 Bd7 24. Re1 Rdc8 25. Qb1 Kh7 26. Rc3 Qa7 27. Qd1 Bf8 28.
Nf1 Nb3 29. Bf2 Be6 30. Nd2 Nd4 31. Bf1 Bg7 32. Kg1 Qa5 33. Bd3 Rc7 34. Be3
Rbc8 35. Qb1 b5 36. Bxd4 exd4 37. Rc2 bxc4 0-1

[Event "4NCL Division 3 Central"]
[Site "Leamington Spa, ENG"]
[Date "2022.03.27"]
[Round "6.42"]
[White "Young, Alan"]
[Black "Richmond, Peter"]
[Result "1-0"]
[WhiteElo "2092"]
[BlackElo "2036"]
[PlyCount "89"]
[EventDate "2022.03.27"]
[WhiteTeam "Rhyfelwyr Essyllwg"]
[BlackTeam "The Full Ponty"]

1. e4 e6 2. d4 d5 3. Nc3 Nf6 4. Bg5 Be7 5. e5 Nfd7 6. h4 a6 7. Qg4 c5 8. Bxe7
Qxe7 9. Qxg7 Rf8 10. dxc5 Nc6 11. Nf3 b5 12. cxb6 Bb7 13. Qg5 Qb4 14. O-O-O
Qxb6 15. Bd3 Rc8 16. Rhe1 Qxf2 17. Nxd5 Qc5 18. Nf6+ Nxf6 19. exf6 Nb4 20. Qxc5
Nxd3+ 21. Rxd3 Rxc5 22. Red1 Rd5 23. c4 Rxd3 24. Rxd3 Rg8 25. Rb3 Bc8 26. Ne5
Rxg2 27. Rb8 Kd8 28. Nxf7+ Kc7 29. Rb3 Rf2 30. Ng5 Rxf6 31. Rf3 Rxf3 32. Nxf3
Kd6 33. Kd2 e5 34. Ke3 a5 35. b3 Bf5 36. a3 Bc2 37. b4 axb4 38. axb4 Bb3 39.
Nd2 Bc2 40. Ne4+ Kc6 41. Nc3 Bf5 42. Nd5 Bc2 43. b5+ Kc5 44. b6 Kc6 45. Nb4+
1-0

[Event "4NCL Division 3 Central"]
[Site "Leamington Spa, ENG"]
[Date "2022.03.27"]
[Round "6.43"]
[White "Fletcher, John"]
[Black "Trevelyan, John"]
[Result "1-0"]
[WhiteElo "2084"]
[BlackElo "1989"]
[PlyCount "52"]
[EventDate "2022.03.27"]
[WhiteTeam "The Full Ponty"]
[BlackTeam "Rhyfelwyr Essyllwg"]

1. d4 d6 2. e4 Nf6 3. Nc3 e5 4. Nf3 Nbd7 5. Bc4 Be7 6. O-O O-O 7. a4 c6 8. Re1
h6 9. h3 Nh7 10. a5 Ng5 11. d5 c5 12. a6 Nb6 13. axb7 Bxb7 14. Bf1 f5 15. exf5
Rxf5 16. Nxg5 Bxg5 17. Bd3 Rf8 18. Qg4 Bxc1 19. Qe6+ Rf7 20. Bg6 Bxb2 21. Qxf7+
Kh8 22. Qxb7 Bxc3 23. Be4 a5 24. Reb1 Bxa1 25. Rxb6 Bd4 26. Rxd6 Qf8 1-0

[Event "4NCL Division 3 Central"]
[Site "Leamington Spa, ENG"]
[Date "2022.03.27"]
[Round "6.44"]
[White "Heaven, Pete"]
[Black "Hughes, Anthony"]
[Result "1/2-1/2"]
[WhiteElo "1979"]
[BlackElo "1937"]
[PlyCount "41"]
[EventDate "2022.03.27"]
[WhiteTeam "Rhyfelwyr Essyllwg"]
[BlackTeam "The Full Ponty"]

1. e4 c6 2. d4 d5 3. e5 c5 4. dxc5 e6 5. a3 Bxc5 6. b4 Be7 7. Nf3 f6 8. Bb2 a5
9. b5 Nd7 10. Bd3 Nh6 11. Qe2 Nf7 12. exf6 Nxf6 13. O-O O-O 14. Nbd2 Bd6 15.
Rfe1 Bd7 16. Ne5 Nxe5 17. Bxe5 Bb8 18. Nf3 Bxe5 19. Nxe5 Rc8 20. h3 b6 21. Rad1
1/2-1/2

[Event "4NCL Division 3 Central"]
[Site "Leamington Spa, ENG"]
[Date "2022.03.27"]
[Round "6.45"]
[White "Davies, Peter"]
[Black "Van Kemenade, Rudy"]
[Result "1-0"]
[WhiteElo "1983"]
[BlackElo "1924"]
[PlyCount "103"]
[EventDate "2022.03.27"]
[WhiteTeam "The Full Ponty"]
[BlackTeam "Rhyfelwyr Essyllwg"]

1. d4 Nf6 2. c4 e5 3. dxe5 Ng4 4. Nf3 Bc5 5. e3 Nc6 6. Be2 O-O 7. O-O Re8 8.
Nc3 Ncxe5 9. Nd4 Nf6 10. Kh1 d6 11. f3 Nc6 12. Nc2 Nb4 13. Nxb4 Bxb4 14. Nd5
Bc5 15. e4 c6 16. Nxf6+ Qxf6 17. Rb1 Qg6 18. b4 Bb6 19. Bf4 d5 20. c5 Bd8 21.
exd5 Qf5 22. Bd6 cxd5 23. Bb5 Bd7 24. Bxd7 Qxd7 25. Qxd5 Be7 26. Rbd1 Rac8 27.
Rfe1 Bxd6 28. Rxe8+ Rxe8 29. cxd6 Qe6 30. Qxe6 fxe6 31. Kg1 Kf7 32. Kf2 Rd8 33.
Ke3 Ke8 34. Ke4 Kd7 35. Rc1 Kxd6 36. Rd1+ Ke7 37. Rxd8 Kxd8 38. Ke5 Ke7 39. f4
b5 40. g3 a6 41. g4 Kd7 42. h4 Ke7 43. h5 Kf7 44. Kd6 Kf6 45. Kc6 e5 46. fxe5+
Kxe5 47. Kb6 Kf4 48. Kxa6 Kxg4 49. Kxb5 Kxh5 50. Kc4 Kg4 51. a4 Kf5 52. a5 1-0

[Event "4NCL Division 3 Central"]
[Site "Leamington Spa, ENG"]
[Date "2022.03.27"]
[Round "6.46"]
[White "McGregor, John"]
[Black "Dixon, Chris"]
[Result "1/2-1/2"]
[WhiteElo "1868"]
[BlackElo "1828"]
[PlyCount "42"]
[EventDate "2022.03.27"]
[WhiteTeam "Rhyfelwyr Essyllwg"]
[BlackTeam "The Full Ponty"]

1. e4 e5 2. Nf3 Nf6 3. Nxe5 d6 4. Nf3 Nxe4 5. d4 d5 6. Bd3 Nc6 7. O-O Be7 8.
Re1 Bg4 9. Bxe4 dxe4 10. Rxe4 Bxf3 11. Qxf3 Nxd4 12. Qd1 Ne6 13. Qe1 O-O 14.
Be3 Qd5 15. Nc3 Qc6 16. Qe2 Bf6 17. Rc4 Qa6 18. Rg4 Qxe2 19. Nxe2 Rfd8 20. c3
Rd7 21. Nf4 Nxf4 1/2-1/2

[Event "4NCL Division 3 Central"]
[Site "Leamington Spa, ENG"]
[Date "2022.03.27"]
[Round "6.51"]
[White "Klein, Raimund"]
[Black "Brackmann, Hendrik"]
[Result "1/2-1/2"]
[WhiteElo "1968"]
[BlackElo "2083"]
[PlyCount "73"]
[EventDate "2022.03.27"]
[WhiteTeam "Shropshire and Friends 1"]
[BlackTeam "Oxford 2"]

1. Nf3 d5 2. g3 Nf6 3. Bg2 e6 4. O-O Be7 5. d3 O-O 6. Nbd2 c5 7. e4 Nc6 8. c3
b5 9. e5 Nd7 10. d4 b4 11. Nb3 a5 12. Be3 a4 13. Nxc5 Bxc5 14. dxc5 bxc3 15.
bxc3 Ndxe5 16. Nxe5 Nxe5 17. Qh5 Nc4 18. Bd4 Rb8 19. Rab1 Bd7 20. Rb4 Qc7 21.
Rfb1 Bc6 22. f4 f6 23. Qg4 Rbe8 24. h4 e5 25. fxe5 fxe5 26. Bf2 Qf7 27. Qe2 Qg6
28. h5 Qh6 29. Rd1 e4 30. Bd4 e3 31. Rf1 Re7 32. Rxf8+ Kxf8 33. Bf1 Qg5 34. Qh2
Nd2 35. Be2 Rf7 36. Qh3 Bd7 37. g4 1/2-1/2